Word Ladder: Marvel Antihero Quiz Stats

 Plays Quiz Updated May 6, 2015

Challenge
Share
Tweet
Embed
Score 0/22 Timer 02:00
1 Play Today
Hint 4-Letter Word % Correct
The Great ___, in ChinaWALL
98.6%
Being above average heightTALL
97.5%
Deprived of life◄DEAD►
96.8%
Hole in the ground for retreiving waterWELL
96.5%
Unwanted plantWEED
95.5%
To fuse metal using heatWELD
95.2%
An exciting or dramatic storyTALE
95.2%
Homeowner's documentDEED
95.1%
___ E. CoyoteWILE
93.3%
BroadWIDE
92.1%
To walk through waterWADE
92%
Hint 4-Letter Word % Correct
Flooring or backsplash pieceTILE
91.6%
ProducedMADE
91.6%
Swimmer's hangout◄POOL►
88.6%
Hammer, e.g.TOOL
85.2%
Extra; additionalMORE
85%
Skin openingPORE
82.4%
Left, to a sailorPORT
81%
Statistics calculationMODE
80.9%
The sound made with a whistle or hornTOOT
79.7%
To sulkPOUT
72.8%
To promote, show offTOUT
68.8%

Today's Daily Dose

You're not logged in!

Compare scores with friends on all Sporcle quizzes.
Join for Free
OR
Log In

You Might Also Like...

Show Comments

Extras

Top Quizzes Today


Score Distribution

Your Account Isn't Verified!

In order to create a playlist on Sporcle, you need to verify the email address you used during registration. Go to your Sporcle Settings to finish the process.

Report this User

Report this user for behavior that violates our Community Guidelines.

Details: